[Event "San Francisco Leighton Memorial"]
[Site "San Francisco"]
[Date "2015.09.15"]
[Round "7"]
[White "Rothman, Ivan"]
[Black "Gupta, Vishrut"]
[Result "0-1"]
[WhiteElo "1675"]
[BlackElo "1726"]
[PlyCount "72"]
[EventDate "2015.08.04"]
[EventType "swiss"]
[EventRounds "9"]
[EventCountry "USA"]
[SourceTitle "EXT 2023"]
[Source "ChessBase"]
[SourceDate "2022.10.05"]
[SourceVersion "1"]
[SourceVersionDate "2022.10.05"]
[SourceQuality "1"]

1. Nf3 d5 2. g3 Nf6 3. Bg2 c5 4. 0-0 Nc6 5. d3 Bg4 6. Nbd2 e6 7. b3 Be7 8. Bb2 0-0 9. e4 d4 10. a4 a6 11. h3 Bxf3 12. Nxf3 e5 13. Bc1 Qd6 14. Nh2 b5 15. f4 Qe6 16. f5 Qd6 17. g4 b4 18. g5 Nd7 19. f6 gxf6 20. gxf6 Bxf6 21. Bh6 Bg7 22. Bxg7 Kxg7 23. Qg4+ Kh8 24. Qh4 Ne7 25. Rf3 Ng6 26. Qh6 Nf6 27. Ng4 Nxg4 28. hxg4 f6 29. Rh3 Ra7 30. Qxg6 Rg7 31. Qf5 Qe7 32. Rh5 Rfg8 33. Bf3 Rg5 34. Rxg5 fxg5 35. Kf2 Rf8 36. Qxf8+ Qxf8 0-1

[Event "San Francisco TNM Spring op"]
[Site "San Francisco"]
[Date "2015.04.21"]
[Round "6"]
[White "Gomboluudev, Enkhjin C"]
[Black "Gupta, Vishrut"]
[Result "0-1"]
[WhiteElo "1400"]
[BlackElo "1547"]
[PlyCount "52"]
[EventDate "2015.03.17"]
[EventType "swiss"]
[EventRounds "8"]
[EventCountry "USA"]
[SourceTitle "EXT 2016"]
[Source "ChessBase"]
[SourceDate "2015.10.08"]
[SourceVersion "1"]
[SourceVersionDate "2015.10.08"]
[SourceQuality "1"]

1. e4 e5 2. Nf3 Nc6 3. Bc4 Bc5 4. d3 Nf6 5. Nc3 d6 6. h3 Be6 7. Bb3 Nd4 8. 0-0 Qe7 9. Be3 Nxb3 10. axb3 Bb4 11. Rxa7 Rxa7 12. Bxa7 b6 13. Qa1 0-0 14. Qa6 Qd7 15. Qb7 Nh5 16. Ng5 Nf4 17. Nxe6 Qxe6 18. Kh2 g5 19. f3 h5 20. g4 Kg7 21. Qxc7 hxg4 22. hxg4 Qh6+ 23. Kg1 Qh3 24. Kf2 Qg2+ 25. Ke1 Bxc3+ 26. Qxc3 Qe2# 0-1

[Event "San Francisco TNM Spring op"]
[Site "San Francisco"]
[Date "2015.04.14"]
[Round "5"]
[White "Gupta, Vishrut"]
[Black "Chalissery, Jossy"]
[Result "1-0"]
[WhiteElo "1547"]
[BlackElo "1706"]
[PlyCount "63"]
[EventDate "2015.03.17"]
[EventType "swiss"]
[EventRounds "8"]
[EventCountry "USA"]
[SourceTitle "EXT 2016"]
[Source "ChessBase"]
[SourceDate "2015.10.08"]
[SourceVersion "1"]
[SourceVersionDate "2015.10.08"]
[SourceQuality "1"]

1. e4 e5 2. Nf3 Nc6 3. Bb5 a6 4. Bxc6 dxc6 5. Nc3 Bd6 6. d4 exd4 7. Qxd4 Nf6 8. e5 Qe7 9. Be3 c5 10. Qa4+ Bd7 11. exd6 cxd6 12. Qh4 h6 13. 0-0-0 0-0-0 14. Nd5 Nxd5 15. Rxd5 g5 16. Qg3 Bc6 17. Rd2 f6 18. Re1 Qc7 19. Red1 Qa5 20. Kb1 d5 21. Re2 d4 22. Bd2 Qb5 23. Rde1 d3 24. Re7 dxc2+ 25. Kc1 Bd7 26. Qd6 f5 27. Ne5 Rhe8 28. Nxd7 Rxe7 29. Nb6+ Qxb6 30. Qxb6 Rxe1+ 31. Bxe1 Rd1+ 32. Kxc2 1-0

[Event "San Francisco TNM Winter op"]
[Site "San Francisco"]
[Date "2015.02.10"]
[Round "6"]
[White "Gupta, Vishrut"]
[Black "Simpkins, Jerry"]
[Result "1-0"]
[WhiteElo "1547"]
[BlackElo "1478"]
[PlyCount "115"]
[EventDate "2015.01.06"]
[EventType "swiss"]
[EventRounds "8"]
[EventCountry "USA"]
[SourceTitle "EXT 2016"]
[Source "ChessBase"]
[SourceDate "2015.10.08"]
[SourceVersion "1"]
[SourceVersionDate "2015.10.08"]
[SourceQuality "1"]

1. e4 e5 2. Nf3 d5 3. exd5 e4 4. Qe2 Nf6 5. d3 Qxd5 6. Nc3 Bb4 7. Bd2 Bxc3 8. Bxc3 Nbd7 9. 0-0-0 0-0 10. dxe4 Qxe4 11. Qxe4 Nxe4 12. Bd4 c5 13. Be3 Ndf6 14. Ng5 Nxg5 15. Bxg5 Ne4 16. Be3 Be6 17. Be2 c4 18. Bf3 f5 19. Bxe4 fxe4 20. Rd4 Rac8 21. Rxe4 Bf5 22. Re7 c3 23. b3 Rf7 24. Rxf7 Kxf7 25. Rd1 b5 26. Rd5 Be4 27. Rd7+ Kg6 28. Bd4 a5 29. Rxg7+ Kh6 30. Ra7 a4 31. bxa4 Rc4 32. Be3+ Kg6 33. axb5 Rb4 34. f3 Bd5 35. b6 Kf5 36. a4 Ba2 37. Kd1 Bc4 38. a5 Rb1+ 39. Bc1 Bf1 40. Rc7 Rb5 41. b7 Bxg2 42. Ke2 Rb1 43. Be3 Bf1+ 44. Kf2 Ba6 45. b8Q Rxb8 46. Rxc3 Rb5 47. Rc5+ Rxc5 48. Bxc5 Kf4 49. Bd6+ Kf5 50. Ke3 Bf1 51. Kd4 Be2 52. f4 Ke6 53. Kc5 h5 54. c4 Bf3 55. a6 Kd7 56. a7 Be4 57. Bb8 Kc8 58. Kd6 1-0

[Event "San Francisco TNM Winter op"]
[Site "San Francisco"]
[Date "2015.02.03"]
[Round "5"]
[White "Frank, Robert"]
[Black "Gupta, Vishrut"]
[Result "0-1"]
[WhiteElo "1296"]
[BlackElo "1547"]
[PlyCount "74"]
[EventDate "2015.01.06"]
[EventType "swiss"]
[EventRounds "8"]
[EventCountry "USA"]
[SourceTitle "EXT 2016"]
[Source "ChessBase"]
[SourceDate "2015.10.08"]
[SourceVersion "1"]
[SourceVersionDate "2015.10.08"]
[SourceQuality "1"]

1. d4 d5 2. Nf3 Nf6 3. e3 Bf5 4. c4 e6 5. Nc3 Nc6 6. cxd5 Nxd5 7. Qa4 Bb4 8. Bd2 0-0 9. a3 Bxc3 10. bxc3 a6 11. c4 Nb6 12. Qd1 Re8 13. a4 Qe7 14. a5 Nd7 15. Rb1 Bxb1 16. Qxb1 Rab8 17. Bd3 Qa3 18. 0-0 b6 19. Bxh7+ Kh8 20. Be4 bxa5 21. Qa1 Qxa1 22. Rxa1 Ne7 23. Bxa5 c5 24. d5 exd5 25. cxd5 Nf6 26. Bd3 Nfxd5 27. Bxa6 Ra8 28. Bc4 Nb4 29. Ne5 Nec6 30. Nxf7+ Kh7 31. Nd6 Rf8 32. Nb7 Ra7 33. Nxc5 Rxa5 34. Rxa5 Nxa5 35. Be2 Rc8 36. Ne6 Rc1+ 37. Bf1 Nb3 0-1